Expert : (Record no. 7435)

000 -LEADER
fixed length control field 00722nam a22002417a 4500
003 - CONTROL NUMBER IDENTIFIER
control field OSt
005 - DATE AND TIME OF LATEST TRANSACTION
control field 20260115095333.0
008 - FIXED-LENGTH DATA ELEMENTS--GENERAL INFORMATION
fixed length control field 220809b ||||| |||| 00| 0 eng d
020 ## - INTERNATIONAL STANDARD BOOK NUMBER
International Standard Book Number 9780241392058
International Standard Book Number 0241392055
040 ## - CATALOGING SOURCE
Transcribing agency SSBUL
082 ## - DEWEY DECIMAL CLASSIFICATION NUMBER
Edition number 23
Classification number 153.9
100 1# - MAIN ENTRY--PERSONAL NAME
Personal name Kneebone, Roger
9 (RLIN) 8552
245 10 - TITLE STATEMENT
Title Expert :
Remainder of title understanding the path to mastery /
Statement of responsibility, etc. Roger Kneebone.
260 ## - PUBLICATION, DISTRIBUTION, ETC.
Place of publication, distribution, etc. [London] :
Name of publisher, distributor, etc. Penguin Books,
Date of publication, distribution, etc. 2021. ©2020
300 ## - PHYSICAL DESCRIPTION
Extent 336 pages ;
Dimensions 20 cm.
500 ## - GENERAL NOTE
General note S-KN: Ashin Khemānanda
General note "First published by Viking 2020."--Title page verso
650 ## - SUBJECT ADDED ENTRY--TOPICAL TERM
Topical term or geographic name entry element Expertise.
9 (RLIN) 8553
Topical term or geographic name entry element Specialists.
9 (RLIN) 8554
9 (RLIN) 8553
Topical term or geographic name entry element Assessment and Intelligence
942 ## - ADDED ENTRY ELEMENTS (KOHA)
Koha item type Book (Short term)
Source of classification or shelving scheme
Holdings
Withdrawn status Lost status Source of classification or shelving scheme Damaged status Not for loan Collection code Permanent Location Current Location Shelving location Date acquired Total Checkouts Full call number Barcode Date last seen Price effective from Koha item type Accession
          English Collection Shan State Buddhist University Library Shan State Buddhist University Library English Shelves 09/08/2022   153.9 Kn 18205 EB00018205 09/08/2022 09/08/2022 Book (Short term) 18205

Library - 09407999929
Admin Office - 09407999979
Dean Office - 09250910768
Registrar Office - 09892297154
Email - [email protected]
Shan State Buddhist University, Phaya Phyu Taunggyi, Shan State, Myanmar.